00520nam a22001457a 4500082003200000100002700032245006700059260005100126300001700177526003700194650001500231942001200246999001900258952009700277 a388.068bWILcL-tech, P-126 aWilcon, G.lloyd938528 aTraffic management industrial and commercialcG.lloyd, Wilson. aNew York :bD-Appleton Century Company,c1941. axi, 453 p. : a0b0c0d388_068000000000000_WIL aNUST96342 2ddccBK c543147d543147 00102ddc4070aMCEbMCEd2014-03-07l0o388.068 WILpMCE-40347r2014-03-07w2014-03-07yBK